Score 0/10 Timer 02:00
4 Plays Today
Clue 'B'-Place % Correct
Capital and largest city of HungaryBudapest
88.7%
Indonesia's most visited islandBali
87.9%
Capital and largest city of ArgentinaBuenos Aires
84.1%
Country that borders India and MyanmarBangladesh
82%
Largest city in the US state of MarylandBaltimore
77.5%
West African countryBenin
71.7%
Small country on the island of BorneoBrunei
67.4%
British Overseas Territory in the Atlantic OceanBermuda
55.4%
Gallery of historical and cultural artifacts located in central London (two words)British Museum
51.3%
One of South Africa's national capitalsBloemfontein
43.4%
Remove Ads.
Support Sporcle.
Get the best of Sporcle when you Go Orange. This ad-free experience offers more features, more stats, and more fun while also helping to support Sporcle. Thank you for becoming a member.

You're not logged in!

Compare scores with friends on all Sporcle quizzes.
OR
Log In

Show Comments

Extras

Top Quizzes Today


Score Distribution

Your Account Isn't Verified!

In order to create a playlist on Sporcle, you need to verify the email address you used during registration. Go to your Sporcle Settings to finish the process.

Report this User

Report this user for behavior that violates our Community Guidelines.

Details: